01333nab a22002417a 4500999001500000003000400015005001700019008004100036040000700077100003600084245012300120300001500243500003600258505025700294505016100551650002800712650005800740650003800798650005100836650003500887773015600922942001301078 c5760d5760OSt20260105150342.0190514b xxu||||| |||| 00| 0 spa d cPJ 96674aCorleta, Natalia Daniela 10aUn fallo para repensar la interpretación del art. 700 bis del Código Civil y Comercial /cNatalia Daniela Corleta. ap. 127-133 aCita: TR LALEY AR/DOC/869/2025. aSumario: I. Introducción.— II. Breve descripción de los hechos del fallo de análisis.— III. La interseccionalidad como fundamento para el fallo.— IV. La reinterpretación del inc. b) del art. 700 bis Cód. Civ. y Com.— V. Conclusión.  tFallo comentado: JFam. 1a Nom., Catamarca ~ 18/10/2024 ~ A., M. V. c. C. V., F. M. s/ privación de la responsabilidad parental y supresión de apellido. 09967aDERECHO DE FAMILIA 092741aDERECHOS DE LAS NIÑAS, NIÑOS Y ADOLESCENTES 094097aINTERES SUPERIOR DEL NIÑO 096356aPRIVACION DE LA RESPONSABILIDAD PARENTAL 091057aJURISPRUDENCIA APLICABLE0 0284493222dBuenos Aires : AbeledoPerrot, 1989-tDerecho de familia. Revista Interdisciplinaria de doctrina y jurisprudencia. Junio 2025-III.z18511201 2udccANA